000 00456nam a2200181Ia 4500
001 21339
005 20260306172912.0
008 260306t2022||||xx |||||||||||||| ||spa||
041 _aESP
082 _a344.528
_bF84 2022
100 _aFrisancho Aparicio, Manuel
_eAUT
245 0 _aDelitos contra la administración de justicia
260 _c2022
300 _a863 páginas :
_c25 cm.
650 _aGEN
654 _aCDE
942 _cLIB
_dJUS
_fJUS
_2ddc
_n
999 _c21339
_d21339